|
|
|
|
| LEADER |
00598nam a22001691a 4500 |
| 020 |
|
|
|a 9780761933571
|c 0.00
|
| 040 |
|
|
|a SSUS - Library - Kalady
|
| 082 |
|
|
|a 338.927
|b JYO/D
|
| 100 |
|
|
|a Jyotsna Bapat
|
| 245 |
|
|
|a Development projects and critical theory of environment
|h [Text]
|
| 260 |
|
|
|a New Delhi
|b Sage
|c 2005
|
| 300 |
|
|
|a 243p.
|
| 600 |
|
|
|a Economuc Development Projects
|
| 852 |
|
|
|h 338.927
|i JYO/D
|p 052901
|9 495.00
|t 0
|
| 942 |
|
|
|c BK
|
| 999 |
|
|
|c 10399
|d 10399
|
| 952 |
|
|
|0 0
|1 0
|4 0
|6 338_927000000000000_JYO_D
|7 0
|9 15157
|a SSUS
|b SSUS
|d 2015-01-08
|g 495.00
|o 338.927 JYO/D
|p 052901
|r 2017-01-06
|v 0.00
|w 2015-01-08
|y BK
|